Unica (Winx) - Elisa Rosselli - Testo Completo - Statistics

Statistiche generali
  • Questo quiz è stato fatto 57 volte
  • Il punteggio medio è 137 su 240
Statistiche sulle risposte
Risposta % Corretto
a
94%
ma
94%
Winx
91%
la
87%
i
85%
Uh,
85%
Yeah
85%
un
83%
Un
83%
Tu
81%
tu
81%
Se
79%
È
74%
e
74%
è
74%
mi
74%
Noi
74%
noi
74%
sei
72%
Una
72%
una
72%
di
70%
unica,
70%
unica
70%
(Unica)
70%
Unica
70%
Il
66%
il
66%
per
64%
che
62%
con
62%
sarà
62%
insieme,
60%
insieme
60%
perché?
60%
siamo
60%
te
60%
io
57%
Magica,
57%
Magica
57%
me
57%
po'
57%
vuoi
57%
mai
55%
sai
55%
sempre
55%
altro
53%
giorno
53%
le
53%
non
53%
sole
53%
lo
51%
splende,
51%
splende
51%
ciò
49%
puoi
49%
solo
49%
cambiare
47%
fantasia
47%
oggi
47%
Oggi
47%
tutto
47%
vinceremo
47%
volte
47%
fortissima
45%
Ora
45%
perdo
45%
pronte
45%
quando
45%
sfida
45%
Un’altra
45%
un'avventura
45%
volare
45%
essere
43%
Essere
43%
nell'oscurità
43%
paura,
43%
penso
43%
Ricordo
43%
dicevi
40%
gli
40%
inizierà
40%
Senza
40%
Combatti
38%
contro
38%
demoni
38%
poi
38%
Adesso
36%
alla
36%
combatteremo
36%
sono
36%
Tra
36%
come
34%
credici
34%
malvagità
34%
vacanza
34%
Possiamo
32%
fronte
30%
grande
30%
occhi
30%
shopping
30%
ancora
28%
Domani
28%
magicofisica
28%
saremo
28%
scuola
28%
terra
28%
chiudi
26%
Diamo
26%
festa
26%
pozioni
26%
straordinaria
21%
vedi
21%
vedi,
21%
dite
19%
vedrai
19%
farе
0%
Nessun quiz corrispondente trovato
Distribuzione punteggi
Percentuale di utenti per punteggio
Percentile per numero di risposta
I tuoi punteggi nel tempo
Non hai fatto questo quiz